[Event "Mechanics' Winter TNM; 30/90, SD/30"]
[Site "San Francisco"]
[Date "2013.01.29"]
[Round "4.32"]
[White "Harris, Clarence"]
[Black "Cowgill, Jackie"]
[Result "1-0"]
[WhiteElo "1418"]
[BlackElo "906"]
[Annotator "Donaldson"]
[PlyCount "99"]
[EventDate "2013.??.??"]

1. e4 e5 2. Nf3 Nc6 3. Bb5 a6 4. Bxc6 dxc6 5. O-O Bg4 6. h3 h5 7. d3 Bxf3 8.
Qxf3 Qf6 9. Nd2 b5 10. Re1 c5 11. Qf5 Bd6 12. Nf3 Ne7 13. Qxf6 gxf6 14. Nh4 c6
15. Bd2 a5 16. a4 b4 17. b3 c4 18. dxc4 Rd8 19. Rad1 Bc5 20. Be3 Rxd1 21. Rxd1
Bxe3 22. fxe3 Rg8 (22... O-O) 23. Nf5 Nxf5 24. exf5 Ke7 25. e4 Rg3 26. Kf2 h4
27. Rd3 Rxd3 28. cxd3 Kd6 29. g3 hxg3+ 30. Kxg3 Kc5 31. h4 Kd4 32. h5 Kc3 33.
h6 Kxb3 34. h7 Ka2 35. h8=Q b3 36. Qxf6 b2 37. Qxe5 b1=Q 38. Qxa5 Qxd3+ 39. Kf4
Qxc4 40. Qd2+ Ka3 41. a5 Ka4 42. a6 Kb5 43. a7 Qf1+ 44. Kg5 Qg1+ 45. Kf6 Qxa7
46. Qd3+ Kb6 47. Qb3+ Kc7 48. Qxf7+ Kb6 49. Qxa7+ Kxa7 50. Ke6 1-0

[Event "Mechanics' Spring TNM; 30/90, SD/30"]
[Site "San Francisco"]
[Date "2013.05.07"]
[Round "8.32"]
[White "Harris, Clarence"]
[Black "Hack, Richard"]
[Result "0-1"]
[WhiteElo "1382"]
[BlackElo "1674"]
[PlyCount "36"]
[EventDate "2013.??.??"]

1. e4 e5 2. Nf3 Nc6 3. Bb5 a6 4. Bxc6 dxc6 5. O-O Bd6 6. d4 f6 $6 7. dxe5 fxe5
$2 (7... Bxe5) 8. Nbd2 (8. Nxe5 $1) 8... Nh6 9. Nc4 Nf7 10. Be3 Bg4 11. Na5 Qc8
12. Qd2 Bxf3 13. gxf3 O-O 14. Qd3 Nd8 15. Bg5 Ne6 16. Bh4 Nf4 17. Qb3+ Kh8 18.
Nxb7 Qh3 0-1

[Event "Mechanics' Neil Falconer TNM; 30/90, SD"]
[Site "San Francisco"]
[Date "2013.08.06"]
[Round "1.26"]
[White "Harris, Clarence"]
[Black "Hakobyan, Sos"]
[Result "0-1"]
[WhiteElo "1314"]
[BlackElo "1844"]
[PlyCount "60"]
[EventDate "2013.??.??"]

1. e4 e6 2. d3 d5 3. Nd2 Nc6 4. Ngf3 Bc5 5. g3 dxe4 6. dxe4 Nf6 7. Bg2 e5 8.
O-O Bg4 9. Qe1 Bxf3 10. Nxf3 Qe7 11. Bd2 a5 12. a3 O-O 13. Rd1 b5 14. Bg5 h6
15. Bxf6 Qxf6 16. Qe2 b4 17. a4 Bb6 18. Bh3 Rad8 19. Bd7 Nd4 20. Nxd4 Bxd4 21.
Bh3 Bxb2 22. Rxd8 Rxd8 23. Rd1 Rxd1+ 24. Qxd1 Bd4 25. Qe2 Qc6 26. Kg2 Qxa4 27.
f4 Qc6 28. fxe5 Bxe5 29. Qd3 Qd6 30. Qe2 a4 0-1

[Event "Mechanics' Neil Falconer TNM; 30/90, SD"]
[Site "San Francisco"]
[Date "2013.10.01"]
[Round "9.23"]
[White "Harris, Clarence"]
[Black "James, Charles"]
[Result "0-1"]
[WhiteElo "1314"]
[BlackElo "1571"]
[PlyCount "60"]
[EventDate "2013.??.??"]

1. e4 e6 2. d3 d5 3. Nd2 Bd6 4. Ngf3 Nd7 5. g3 Ngf6 6. Bg2 c5 7. O-O O-O 8. Re1
e5 9. exd5 Nxd5 10. Ne4 Be7 11. Bg5 f6 12. Bd2 b5 13. h4 a5 14. a3 Nc7 15. h5
Ne6 16. Nh4 Nd4 17. Nd6 Ra6 18. Bd5+ Kh8 19. Nf7+ Rxf7 20. Bxf7 Bb7 21. c3 f5
22. Ng6+ hxg6 23. hxg6 Nf3+ 24. Kg2 Nxe1+ 25. Kf1 Nf3 26. Ke2 Ng5 27. Bxg5 Bxg5
28. Qg1 Nf6 29. Qh2+ Bh6 30. f3 Bxf3+ 0-1

[Event "Mechanics' Winter TNM; 30/90, SD/30"]
[Site "San Francisco"]
[Date "2013.02.26"]
[Round "8.33"]
[White "Harris, Clarence"]
[Black "McCarty-Snead, Callaghan"]
[Result "0-1"]
[WhiteElo "1418"]
[BlackElo "1411"]
[PlyCount "56"]
[EventDate "2013.??.??"]

1. e4 e6 2. d3 d5 3. Nd2 Nf6 4. Ngf3 c5 5. g3 Nc6 6. Bg2 Bd6 7. O-O O-O 8. Re1
Be7 9. e5 Nd7 10. h4 Qc7 11. Qe2 Nb6 12. Nf1 c4 13. d4 Bd7 14. Bf4 Nb4 15. a3
Nc6 16. h5 h6 17. N1h2 Na4 18. c3 Na5 19. Ng4 Nb3 20. Nf6+ gxf6 21. exf6 Bd6
22. Bxd6 Qxd6 23. Ne5 Kh7 24. Qc2+ $4 (24. Be4+ dxe4 25. Qxe4+ Kh8 26. Qg4 Rg8
27. Nxf7+ {is mate!} Kh7 28. Qe4+ Rg6 29. Qxg6# {is mate!}) 24... Kh8 25. Rab1
(25. Re4 $1 Be8 (25... dxe4 26. Qxe4 Be8 27. Qf4 Kh7 28. Be4+) 26. Rg4 Nxb2 27.
Rg7 Nd3 28. Nxd3 Rg8 29. Rxg8+ Kxg8 30. Qd1 Kh7 31. Qg4 Qf8 32. Rb1 Qg8 33. Qf4
$14) 25... Be8 26. Qe2 Rg8 27. Ng4 Qf8 28. Qe3 Rxg4 0-1

[Event "Mechanics' Neil Falconer TNM; 30/90, SD"]
[Site "San Francisco"]
[Date "2013.09.10"]
[Round "6.31"]
[White "Harris, Clarence"]
[Black "Ross, David"]
[Result "1-0"]
[WhiteElo "1314"]
[BlackElo "1075"]
[PlyCount "41"]
[EventDate "2013.??.??"]

1. e4 e6 2. d3 d5 3. Nd2 Nf6 4. Ngf3 b6 5. g3 dxe4 6. dxe4 Bb7 7. Qe2 Nc6 8. c3
Be7 9. Bg2 a5 10. Nb3 a4 11. Nbd4 a3 12. b3 Nxd4 13. Nxd4 Qd7 14. Bg5 Ba6 15.
Qc2 Rd8 16. Bxf6 Bxf6 17. e5 Be7 18. Bc6 Qxc6 19. Nxc6 Bd3 20. Qd2 Be4 21. Nxd8
1-0

[Event "Mechanics' Spring TNM; 30/90, SD/30"]
[Site "San Francisco"]
[Date "2013.03.19"]
[Round "1.27"]
[White "Harris, Clarence"]
[Black "Royzen, Igor"]
[Result "0-1"]
[WhiteElo "1382"]
[BlackElo "1844"]
[PlyCount "78"]
[EventDate "2013.??.??"]

1. e4 c6 2. d3 d5 3. Nd2 e5 4. Ngf3 Bd6 5. g3 Nf6 6. Bg2 Bg4 7. O-O O-O 8. h3
Bh5 9. Qe1 Nbd7 10. Nh2 Qc7 11. Ndf3 Bg6 12. Nh4 Rae8 13. Bg5 h6 14. Nxg6 fxg6
15. Bd2 Nc5 16. b4 Ne6 17. c3 b5 18. a3 Qd7 19. Rc1 Rd8 20. Qe2 dxe4 21. dxe4
Bxb4 22. axb4 Qxd2 23. Qxd2 Rxd2 24. Rfd1 Rfd8 25. Rxd2 Rxd2 26. Nf1 Rd3 27.
Ne3 Ng5 28. Ng4 Nxg4 29. hxg4 Ne6 30. Kf1 Kf7 31. Ke2 Rd7 32. f4 exf4 33. e5
Rc7 34. Rd1 fxg3 35. Kf3 Ng5+ 36. Kxg3 Ke6 37. Rd6+ Kxe5 38. Rxc6 Rxc6 39. Bxc6
Ne4+ 0-1

[Event "Mechanics' Spring TNM; 30/90, SD/30"]
[Site "San Francisco"]
[Date "2013.04.09"]
[Round "4.38"]
[White "Harris, Clarence"]
[Black "Shaughnessy, Elizabeth"]
[Result "1-0"]
[WhiteElo "1382"]
[BlackElo "1574"]
[Annotator "Donaldson"]
[PlyCount "125"]
[EventDate "2013.??.??"]

1. e4 e5 2. Nf3 Nc6 3. Bb5 f5 4. d3 d6 5. Nc3 Nf6 6. Bg5 Be7 7. Bxf6 Bxf6 8.
O-O O-O 9. Qd2 f4 10. h3 Be6 11. Rae1 Ne7 12. d4 c6 13. Ba4 Bc4 14. Bb3 Bxb3
15. axb3 Qe8 16. d5 Ng6 17. Ra1 Bd8 18. dxc6 Qxc6 19. Qd5+ Qxd5 20. Nxd5 Ne7
21. c4 Nxd5 22. cxd5 Bb6 23. b4 Rac8 24. Rfc1 h6 25. b3 g5 26. Rc4 Rxc4 27.
bxc4 Rf7 28. Rc1 Rg7 29. c5 Rc7 30. c6 a6 31. Nd2 Rc8 32. Nb3 bxc6 33. dxc6 Kf7
34. Na5 Bxa5 35. bxa5 Ke6 36. f3 Rc7 37. Kf2 d5 38. g4 dxe4 39. fxe4 Kd6 40.
Rd1+ Kxc6 41. Rd5 Re7 42. Kf3 Re6 $11 43. Rd3 $4 Rd6 44. Rc3+ Kb5 45. Ke2 Kxa5
46. Rc5+ Kb4 47. Rxe5 Kc4 (47... a5 $1) 48. Ra5 Kd4 49. Kf3 Re6 50. Ra4+ Ke5
51. Ra5+ Kf6 52. Rf5+ Kg6 53. Rd5 Rb6 54. Ra5 Kf6 55. Rf5+ Ke6 56. e5 Kd7 57.
h4 gxh4 58. Rh5 a5 59. Kxf4 Rb4+ 60. Kf5 Rc4 61. Rxh6 Rc1 62. Rh7+ Kd8 63. g5
1-0

[Event "Mechanics' Fall TNM; 30/90, SD/30"]
[Site "San Francisco"]
[Date "2013.11.12"]
[Round "4.29"]
[White "Harris, Clarence"]
[Black "Shaughnessy, Elizabeth"]
[Result "1-0"]
[WhiteElo "1314"]
[BlackElo "1510"]
[PlyCount "79"]
[EventDate "2013.??.??"]

1. e4 e5 2. Nf3 Nc6 3. Bb5 Nd4 4. Nxd4 exd4 5. c3 Bc5 6. O-O c6 7. Be2 Nf6 8.
d3 h6 9. b4 Bb6 10. c4 d5 11. cxd5 cxd5 12. e5 Nd7 13. e6 Nf6 14. Qa4+ Ke7 15.
exf7 Bd7 16. Qb3 Kxf7 17. Bf4 Re8 18. Bf3 Bf5 19. Nd2 g5 20. Bg3 h5 21. Rfe1
Rxe1+ 22. Rxe1 g4 23. Bd1 Rc8 24. Bh4 Rc3 25. Qa4 Rxd3 26. Bxf6 Kxf6 27. Re8
Qd6 28. Rh8 Kg7 29. Qe8 Bh7 30. Bc2 Qd8 31. Rxh7+ Kxh7 32. Bxd3+ Kg7 33. Qg6+
Kf8 34. Qh6+ Ke7 35. Bf5 Qd6 36. Qg5+ Kf7 37. Qxh5+ Kf6 38. Bxg4 Qf4 39. Qh4+
Ke5 40. Qe7# 1-0

[Event "Mechanics' Spring TNM; 30/90, SD/30"]
[Site "San Francisco"]
[Date "2013.04.30"]
[Round "7.37"]
[White "Harris, Clarence"]
[Black "Touset, Stephen"]
[Result "1-0"]
[WhiteElo "1382"]
[BlackElo "919"]
[PlyCount "63"]
[EventDate "2013.??.??"]

1. e4 d6 2. d3 c5 3. Nc3 Nf6 4. Nf3 Nc6 5. Be2 e6 6. O-O Be7 7. Re1 O-O 8. Be3
a6 9. Qd2 b5 10. a3 Bd7 11. Na2 Qc7 12. b4 Rfd8 13. bxc5 dxc5 14. Bf4 Bd6 15.
Bxd6 Qxd6 16. e5 Ne4 17. exd6 Nxd2 18. Nxd2 Nd4 19. Rac1 a5 20. Nb3 Rdc8 21.
Nxd4 cxd4 22. c3 e5 23. cxd4 exd4 24. Rc7 Be6 25. Rec1 Rd8 26. Bf3 Rab8 27. h3
f5 28. R1c6 Bxa2 29. d7 Kf7 30. Rc8 Ke7 31. Rxb8 Rxb8 32. Rc8 1-0

[Event "Mechanics' Neil Falconer TNM; 30/90, SD"]
[Site "San Francisco"]
[Date "2013.08.06"]
[Round "1.22"]
[White "Hilliard, Michael"]
[Black "Alzhin, Leonid"]
[Result "1/2-1/2"]
[WhiteElo "1400"]
[BlackElo "1873"]
[PlyCount "83"]
[EventDate "2013.??.??"]

1. d4 d5 2. Nf3 Nf6 3. e3 Bf5 4. c4 c6 5. Qb3 Qb6 6. Nc3 e6 7. cxd5 Qxb3 8.
axb3 exd5 9. Be2 Bb4 10. O-O Nbd7 11. Bd2 O-O 12. Rfd1 Bc2 13. Re1 Bxb3 14. Bd3
a5 15. e4 dxe4 16. Nxe4 Bxd2 17. Nfxd2 Nxe4 18. Rxe4 Bd5 19. Re7 Rfd8 20. Bf5
Nf6 21. Rd1 b5 22. Ne4 Bxe4 23. Bxe4 Nxe4 24. Rxe4 Re8 25. Re3 Re6 26. d5 Rd6
27. Rde1 Kf8 28. dxc6 Rxc6 29. Rb3 b4 30. g3 Rc4 31. Rd3 Rac8 32. Rd5 a4 33.
Ra5 b3 34. Kg2 Rb4 35. Ra1 Rcc4 36. Re1 Re4 37. Kf1 Rxe1+ 38. Kxe1 Ke7 39. Kd2
Kd6 40. Kc3 Re4 41. Kd3 Rb4 42. Kc3 1/2-1/2

[Event "Mechanics' Summer TNM; 30/90, SD/30"]
[Site "San Francisco"]
[Date "2013.07.16"]
[Round "8.24"]
[White "Hilliard, Michael"]
[Black "Bekhtur, Bayaraa"]
[Result "0-1"]
[WhiteElo "1447"]
[BlackElo "1702"]
[PlyCount "52"]
[EventDate "2013.??.??"]

1. d4 d5 2. Nf3 e6 3. e3 Nf6 4. Nbd2 c5 5. c3 c4 6. a4 Bd7 7. b3 b5 8. axb5
Bxb5 9. bxc4 dxc4 10. Bxc4 Bxc4 11. Nxc4 Nbd7 12. Qc2 Be7 13. Bd2 O-O 14. O-O
Qc7 15. Nce5 Nxe5 16. Nxe5 Bd6 17. f4 Nd5 18. Rf3 f6 19. Ng4 Rab8 20. c4 Bb4
21. c5 a5 22. e4 Ne7 23. Be3 f5 24. Ne5 fxe4 25. Qxe4 Bc3 26. g4 $4 Bxa1 0-1

[Event "Mechanics' Spring TNM; 30/90, SD/30"]
[Site "San Francisco"]
[Date "2013.04.30"]
[Round "7.32"]
[White "Hilliard, Michael"]
[Black "Campers, Willie"]
[Result "0-1"]
[WhiteElo "1429"]
[BlackElo "1661"]
[PlyCount "76"]
[EventDate "2013.??.??"]

1. d4 d5 2. Nf3 Nf6 3. e3 c6 4. Nbd2 Bg4 5. c4 e6 6. Qb3 Qc7 7. cxd5 exd5 8.
Bd3 Nbd7 9. O-O Bd6 10. Re1 O-O 11. e4 dxe4 12. Bxe4 Nxe4 13. Rxe4 Nf6 14. Re1
Rfe8 15. h3 Be6 16. Qd3 h6 17. Ne4 Nxe4 18. Rxe4 Qd7 19. Ne5 Qc8 20. Re2 Qc7
21. Bd2 Rad8 22. Qc3 Bd5 23. Ree1 Re6 24. b3 Bxe5 25. Rxe5 Rg6 26. f3 Qd7 27.
Rae1 Qxh3 28. Re8+ Rxe8 29. Rxe8+ Kh7 30. Re2 Bxf3 31. Qd3 Qg4 32. Rf2 Bxg2 33.
Qxg6+ Qxg6 34. Rxg2 Qb1+ 35. Kh2 Qxa2 36. b4 Qc4 37. Rg4 Qe2+ 38. Rg2 Qd3 0-1

[Event "Mechanics' Fall TNM; 30/90, SD/30"]
[Site "San Francisco"]
[Date "2013.11.19"]
[Round "5.31"]
[White "Hilliard, Michael"]
[Black "Chalissery, Jossy"]
[Result "0-1"]
[WhiteElo "1400"]
[BlackElo "1760"]
[PlyCount "146"]
[EventDate "2013.??.??"]

1. d4 d5 2. Nf3 Nf6 3. e3 e6 4. Bd3 c5 5. c3 cxd4 6. cxd4 Be7 7. Nbd2 Nc6 8. a3
Bd7 9. O-O O-O 10. Re1 Re8 11. e4 dxe4 12. Nxe4 Nd5 13. Qc2 h6 14. Nc5 Qc7 15.
Nxd7 Qxd7 16. Ne5 Nxe5 17. Rxe5 Bd6 18. Re4 Rac8 19. Qe2 Qc7 20. Bxh6 Bxh2+ 21.
Kh1 Bf4 22. Bxf4 Nxf4 23. Qe3 Nxd3 24. Qxd3 Qc2 25. Qxc2 Rxc2 26. b4 Rxf2 27.
Rd1 Rf5 28. d5 Rd8 29. d6 Rd5 30. Rc1 R5xd6 31. Rc7 R6d7 32. Rec4 Kf8 33. Rc8
Rxc8 34. Rxc8+ Ke7 35. Ra8 a6 36. Ra7 Kd6 37. a4 Kc6 38. Ra8 b5 39. Rxa6+ Kb7
40. axb5 Rd4 41. Kg1 e5 42. Kf2 f6 43. Kf3 Rxb4 44. Rd6 Rb3+ 45. Ke4 Rb4+ 46.
Kf5 Rd4 47. Re6 Rf4+ 48. Kg6 Rg4+ 49. Kf5 Rxg2 50. Ra6 Kc7 51. Re6 Rf2+ 52. Kg6
Rg2+ 53. Kf5 Kd7 54. Ra6 Kc7 55. Rc6+ Kb7 56. Re6 Rg1 57. Rd6 Rg5+ 58. Ke4 Kc7
59. Rc6+ Kd7 60. Ra6 Rg4+ 61. Kf5 Rf4+ 62. Kg6 Rg4+ 63. Kf5 Rb4 64. Rb6 Kc7 65.
Re6 Rxb5 66. Re7+ Kd6 67. Rxg7 Rb4 68. Rf7 Rf4+ 69. Kg6 e4 70. Rf8 f5 71. Rxf5
Rxf5 72. Kxf5 Kd5 73. Kf4 Kd4 0-1

[Event "Mechanics' Summer TNM; 30/90, SD/30"]
[Site "San Francisco"]
[Date "2013.07.09"]
[Round "7.32"]
[White "Hilliard, Michael"]
[Black "Cowgill, Jackie"]
[Result "1-0"]
[WhiteElo "1447"]
[BlackElo "964"]
[PlyCount "63"]
[EventDate "2013.??.??"]

1. d4 d5 2. Nf3 Nf6 3. e3 c5 4. c3 e6 5. Bd3 c4 6. Bc2 Be7 7. Nbd2 b5 8. O-O
O-O 9. Re1 Bd7 10. e4 Nc6 11. exd5 exd5 12. Ne5 Bd6 13. Ndf3 Ne7 14. Bg5 Ng4
15. Nxd7 Qxd7 16. Bxe7 Bxe7 17. Ne5 Nxe5 18. Rxe5 Qc7 19. Qh5 h6 20. Rxd5 a6
21. Re1 Rae8 22. Rde5 Qd8 23. Qe2 Bd6 24. Rxe8 Bxh2+ 25. Kxh2 Qh4+ 26. Kg1 g6
27. Rxf8+ Kxf8 28. Qe8+ Kg7 29. Re7 Qf6 30. Ra7 Qf4 31. Qe5+ Qf6 32. Rxa6 1-0

[Event "Mechanics' Neil Falconer TNM; 30/90, SD"]
[Site "San Francisco"]
[Date "2013.08.20"]
[Round "3.26"]
[White "Hilliard, Michael"]
[Black "Delaney, Will"]
[Result "0-1"]
[WhiteElo "1400"]
[BlackElo "1800"]
[PlyCount "64"]
[EventDate "2013.??.??"]

1. d4 Nf6 2. Bg5 Ne4 3. Bh4 c5 4. f3 Nd6 5. d5 Qb6 6. b3 $4 Qb4+ 7. Qd2 Qxh4+
8. g3 Qf6 9. c3 b5 10. e4 a5 11. Qe3 Qh6 12. Kd2 Qxe3+ 13. Kxe3 g6 14. e5 Nf5+
15. Ke4 Ba6 16. f4 e6 17. c4 b4 18. Ne2 exd5+ 19. cxd5 c4 20. bxc4 Bxc4 21. Nd2
Ba6 22. Rc1 Bb7 23. Nd4 Na6 24. Bg2 Nc5+ 25. Rxc5 Bxc5 26. Nxf5 gxf5+ 27. Kxf5
O-O 28. Rc1 Bb6 29. Ke4 f5+ 30. Kd3 Ba6+ 31. Kc2 Rac8+ 32. Kd1 Be2+ 0-1

[Event "Mechanics' Fall TNM; 30/90, SD/30"]
[Site "San Francisco"]
[Date "2013.12.03"]
[Round "7.36"]
[White "Hilliard, Michael"]
[Black "Gomboluudev, Enkhjin"]
[Result "1/2-1/2"]
[WhiteElo "1400"]
[BlackElo "1137"]
[PlyCount "120"]
[EventDate "2013.??.??"]

1. d4 Nf6 2. Bg5 Ne4 3. Bh4 d5 4. Nd2 g5 5. Nxe4 gxh4 6. Nc3 Bf5 7. Nf3 e6 8.
e3 Nd7 9. Bd3 Bg4 10. h3 Bh5 11. g3 hxg3 12. fxg3 Bd6 13. g4 Bg3+ 14. Ke2 Bg6
15. Rf1 Nb6 16. b3 Qe7 17. a4 a5 18. Nb5 c6 19. Na3 Rf8 20. c4 h5 21. c5 Nd7
22. g5 h4 23. Nc2 Bh5 24. Kd2 b6 25. b4 axb4 26. Nxb4 bxc5 27. Nxc6 Qd6 28. Bb5
Rc8 29. Nce5 Bxe5 30. dxe5 Qb6 31. Qb3 Qa5+ 32. Qc3 Qxc3+ 33. Kxc3 Kd8 34. Bxd7
Kxd7 35. Nxh4 Rg8 36. Rg1 Rb8 37. Rgf1 Rb4 38. Rf4 Rb7 39. Nf3 Bxf3 40. Rxf7+
Kc8 41. Rxf3 Rxg5 42. a5 Rgg7 43. a6 Ra7 44. h4 Kc7 45. Rf6 Re7 46. h5 Kb6 47.
h6 Ra8 48. h7 Rxh7 49. Rxe6+ Kc7 50. Rd6 Rd7 51. Rf6 Re7 52. e6 Kd6 53. Ra5
Rxe6 54. Rxe6+ Kxe6 55. Rxc5 Rxa6 56. Kd3 Ra4 57. Rc8 Kd7 58. Rc5 Ke6 59. Rc8
Ke5 60. Re8+ Kf6 1/2-1/2

[Event "Mechanics' Winter TNM; 30/90, SD/30"]
[Site "San Francisco"]
[Date "2013.01.08"]
[Round "1.22"]
[White "Hilliard, Michael"]
[Black "Krasnov, Steven"]
[Result "0-1"]
[WhiteElo "1429"]
[BlackElo "1958"]
[PlyCount "64"]
[EventDate "2013.??.??"]

1. d4 c5 2. d5 e5 3. c4 d6 4. Nc3 g6 5. e4 Bg7 6. Nf3 Ne7 7. Bd3 O-O 8. O-O Na6
9. a3 Nc7 10. Be3 f5 11. b4 b6 12. b5 Bd7 13. Qc1 a6 14. a4 Ne8 15. Bh6 Nf6 16.
Bxg7 Kxg7 17. Qc2 Qc8 18. Rae1 fxe4 19. Nxe4 Nf5 20. Qd2 h6 21. h3 axb5 22.
axb5 Nxe4 23. Rxe4 Qd8 24. Rfe1 Ra3 25. Rg4 Rf6 26. Bxf5 Bxf5 27. Rg3 Qa8 28.
Re3 Ra2 29. Qc3 Rc2 30. Qb3 Rc1+ 31. Kh2 Qa1 32. Ng1 Rxg1 0-1

[Event "Mechanics' Fall TNM; 30/90, SD/30"]
[Site "San Francisco"]
[Date "2013.10.22"]
[Round "1.17"]
[White "Hilliard, Michael"]
[Black "Lacounte, Brendan"]
[Result "0-1"]
[WhiteElo "1400"]
[BlackElo "1921"]
[Annotator "Donaldson"]
[PlyCount "76"]
[EventDate "2013.??.??"]

1. e4 c5 2. Bc4 e6 3. Nc3 Nc6 4. Nf3 d6 5. b3 Nf6 6. Bb2 Be7 7. O-O O-O 8. Re1
Nd7 9. d4 cxd4 10. Nxd4 Nde5 11. Be2 Nxd4 12. Qxd4 Bf6 13. Qd2 Qb6 14. Rad1 Rd8
15. Na4 Qc7 16. c4 Be7 17. f4 Nd7 18. Qe3 Nc5 19. Qg3 Bf8 20. Nxc5 dxc5 21. Qg5
Bd7 22. Be5 Qa5 23. a4 Bc6 24. Bf3 {Diagram #} Rd3 $1 25. Qg3 Rxb3 26. Rd6 Kh8
27. Red1 Bxe4 $2 (27... f6 $1) 28. Bxg7+ $2 (28. Qh4 Bxf3 29. Bxg7+ Kxg7 (29...
Bxg7 $2 30. Rd8+) 30. Qg5+ Kh8 31. Qf6+ $11) 28... Bxg7 29. Qg5 f6 30. Qg3 Bg6
31. Rd7 Rg8 32. f5 Bxf5 33. Rf7 Rb1 34. h3 Qd2 35. Rxb1 Qe3+ 36. Kh2 Bxb1 37.
Qc7 f5 38. Qe7 Be5+ 0-1

[Event "Mechanics' Spring TNM; 30/90, SD/30"]
[Site "San Francisco"]
[Date "2013.03.26"]
[Round "2.14"]
[White "Hilliard, Michael"]
[Black "Lee, Andy"]
[Result "0-1"]
[WhiteElo "1429"]
[BlackElo "2306"]
[PlyCount "42"]
[EventDate "2013.??.??"]

1. d4 d5 2. Nf3 Nc6 3. e3 Bg4 4. c4 e6 5. Qb3 Bb4+ 6. Bd2 a5 7. cxd5 exd5 8.
Bb5 Bxf3 9. gxf3 Nge7 10. Bxb4 axb4 11. Qxb4 O-O 12. Bxc6 Nxc6 13. Qxb7 Qd7 14.
Qb5 Rfb8 15. Qe2 Nxd4 16. Qd1 Nb3 17. Nc3 Nxa1 18. Qxa1 Qf5 19. Ke2 Qc2+ 20.
Ke1 Rxb2 21. Nd1 Qe2# 0-1

[Event "Mechanics' Spring TNM; 30/90, SD/30"]
[Site "San Francisco"]
[Date "2013.04.02"]
[Round "3.28"]
[White "Hilliard, Michael"]
[Black "Persidsky, Andre"]
[Result "1/2-1/2"]
[WhiteElo "1429"]
[BlackElo "1826"]
[PlyCount "138"]
[EventDate "2013.??.??"]

1. d4 d5 2. Nf3 Nf6 3. e3 Bg4 4. c4 c6 5. Qb3 b6 6. Ne5 Bf5 7. cxd5 Nxd5 8. Nd2
Be6 9. Qc2 Qc8 10. Bd3 Nb4 11. Qb1 Nxd3+ 12. Qxd3 g6 13. O-O Bg7 14. Ndf3 f6
15. Nc4 O-O 16. b3 Qb7 17. Ba3 Re8 18. Rac1 Nd7 19. Ncd2 Rac8 20. Rc2 Bf7 21.
Nc4 c5 22. Rd1 b5 23. Ncd2 b4 24. Bb2 a5 25. Nc4 Qa6 26. d5 Red8 27. e4 Nb6 28.
Ne3 Qxd3 29. Rxd3 e6 30. d6 Rd7 31. e5 f5 32. Nd2 Ra7 33. f4 Nd7 34. a3 Bh6 35.
g3 g5 36. Ng2 Nb6 37. Bd4 Nd7 38. Bb2 Ra6 39. Nc4 a4 40. Kf2 Bh5 41. Ne1 axb3
42. Rxb3 Bd1 43. Ke3 Bxc2 44. Nxc2 gxf4+ 45. gxf4 bxa3 46. Bxa3 Kf7 47. Rb7 Ke8
48. Ne1 Rb8 49. Rxb8+ Nxb8 50. Bxc5 Rc6 51. Nd3 Nd7 52. Kd4 Bxf4 53. Nxf4 Nxc5
54. Na5 Ra6 55. Nc4 Nb3+ 56. Kc3 Nc5 57. Kd4 Rc6 58. Na5 Rc8 59. Nc4 Nb3+ 60.
Kd3 Kf7 61. h4 Nc5+ 62. Kd4 Nd7 63. h5 Rc5 64. Nd3 Rb5 65. Kc3 Kg7 66. Na3 Rb6
67. Nc4 Rc6 68. Kd4 Ra6 69. Nf4 Kf7 {Drawn after sevral more moves in mutual
time pressure. Both players quit keeping score at this point.} 1/2-1/2

[Event "Mechanics' Winter TNM; 30/90, SD/30"]
[Site "San Francisco"]
[Date "2013.01.22"]
[Round "3.36"]
[White "Hilliard, Michael"]
[Black "Poler, Sebastian"]
[Result "1-0"]
[WhiteElo "1429"]
[BlackElo "893"]
[PlyCount "143"]
[EventDate "2013.??.??"]

1. d4 Nf6 2. Bg5 e6 3. Nf3 c5 4. e3 Nc6 5. c3 b6 6. Bd3 Be7 7. O-O O-O 8. e4
Bb7 9. Nbd2 Qc7 10. Qc2 h6 11. Be3 Ng4 12. Rae1 Nxe3 13. Rxe3 Bf6 14. d5 Nd8
15. c4 a6 16. b3 d6 17. Rfe1 Qd7 18. Rb1 b5 19. Ree1 b4 20. Qc1 a5 21. Nf1 e5
22. Ne3 Bc8 23. Nf5 Qc7 24. Nxh6+ Kh8 25. Nf5 Bxf5 26. exf5 a4 27. Re4 Qc8 28.
Rg4 Re8 29. Be4 Ra6 30. Ng5 Kg8 31. Qe3 Qa8 32. Qh3 Kf8 33. Nh7+ Ke7 34. Nxf6
gxf6 35. Bc2 axb3 36. Bxb3 Nb7 37. Qd3 Ra3 38. Qc2 Na5 39. Rg3 Nxb3 40. axb3
Ra2 41. Qd1 Qa3 42. Re3 Ra8 43. Re1 Rb2 44. g3 Rg8 45. h4 Qa2 46. Rxb2 Qxb2 47.
Qb1 Qxb1 48. Rxb1 Rg4 49. Kg2 Rd4 50. Re1 Rd3 51. Re3 Rxe3 52. fxe3 Kf8 53. Kf3
Kg7 54. Kg4 Kh6 55. e4 Kh7 56. Kh5 Kg7 57. g4 Kh7 58. g5 Kh8 59. Kh6 Kg8 60. g6
Kh8 61. Kh5 Kg7 62. gxf7 Kh7 63. f8=R Kg7 64. Rd8 Kf7 65. Rxd6 Ke7 66. Rc6 Kd7
67. Rxc5 Kd6 68. Rc6+ Ke7 69. Kg6 Kd7 70. Kxf6 Ke8 71. Rd6 Kf8 72. Rd8# 1-0

[Event "Mechanics' Fall TNM; 30/90, SD/30"]
[Site "San Francisco"]
[Date "2013.11.12"]
[Round "4.28"]
[White "Hilliard, Michael"]
[Black "Rakonitz, David"]
[Result "0-1"]
[WhiteElo "1400"]
[BlackElo "1521"]
[Annotator "Winslow,Elliott C"]
[PlyCount "120"]
[EventDate "2013.??.??"]

1. d4 Nf6 2. Bg5 e6 3. Nf3 Be7 4. Nbd2 b6 5. e3 Bb7 6. Bd3 d6 7. O-O Nbd7 8.
Re1 O-O 9. e4 c5 10. c3 cxd4 11. cxd4 Rc8 12. e5 Nd5 13. Bxe7 Qxe7 14. Nc4 dxe5
15. Ncxe5 N7f6 16. Qb1 Nb4 17. Ng5 Nxd3 18. Qxd3 h6 19. Ngf3 Rfd8 20. Rac1 Qb4
21. b3 Qa3 22. Qb1 Nd5 23. Rc4 Rxc4 24. Nxc4 Qe7 25. Qb2 Nf4 26. Re3 Qf6 27.
Nce5 Nd5 28. Rd3 Qe7 29. h3 Rc8 30. Nc4 Nf4 31. Re3 Bxf3 32. Rxf3 Nd5 33. Qd2
Rd8 34. Rg3 Kf8 35. Rf3 Qb4 36. Qd3 Nf6 37. Rf4 Kg8 38. Ne5 Qd6 39. Qa6 Qc7 40.
Qc4 Rc8 41. g4 b5 42. Qxc7 Rxc7 43. Rf3 Nd5 44. a3 Rc3 45. Rxc3 Nxc3 46. Kf1
Nb1 47. Nc6 Nd2+ 48. Ke2 Nxb3 49. Ke3 a6 50. f4 Kf8 51. f5 Ke8 52. fxe6 fxe6
53. Ke4 Kd7 54. Nb8+ Kd6 55. Nxa6 Nd2+ 56. Kd3 Nc4 57. Nb4 Nxa3 58. Kc3 Nc4 59.
Kd3 Nb6 60. Ke4 g5 {eventual} 0-1

[Event "Mechanics' Neil Falconer TNM; 30/90, SD"]
[Site "San Francisco"]
[Date "2013.09.03"]
[Round "5.27"]
[White "Hilliard, Michael"]
[Black "Salvo, Tab"]
[Result "0-1"]
[WhiteElo "1400"]
[BlackElo "1663"]
[PlyCount "80"]
[EventDate "2013.??.??"]

1. d4 Nf6 2. Bg5 c5 3. Bxf6 exf6 4. e3 Be7 5. Bd3 O-O 6. Nf3 d5 7. c3 Bg4 8.
Nbd2 Nc6 9. O-O b6 10. Re1 Bd6 11. a3 Bc7 12. e4 Ne7 13. exd5 Nxd5 14. c4 Nf4
15. Be4 Rb8 16. d5 g6 17. Nf1 Bd6 18. Ne3 Bd7 19. g3 Nh5 20. Nd2 f5 21. Bg2 f4
22. Nef1 fxg3 23. fxg3 Re8 24. Ne4 Be5 25. Qd2 Kg7 26. Rac1 h6 27. b4 f5 28.
Nc3 f4 29. Qd3 fxg3 30. hxg3 Nxg3 31. Nxg3 Qh4 32. Re3 Bd4 33. Nf1 Qf4 34. Rce1
Re5 35. Nd1 Rbe8 36. Qd2 Bg4 37. Qf2 Qg5 38. Qg3 Bxd1 39. Rxd1 Qxg3 40. Nxg3
Rxe3 0-1

[Event "Mechanics' Spring TNM; 30/90, SD/30"]
[Site "San Francisco"]
[Date "2013.05.07"]
[Round "8.34"]
[White "Hilliard, Michael"]
[Black "Simpkins, Jerry"]
[Result "0-1"]
[WhiteElo "1429"]
[BlackElo "1317"]
[PlyCount "56"]
[EventDate "2013.??.??"]

1. d4 d5 2. Nf3 c5 3. c3 Nc6 4. e3 Bg4 5. Nbd2 e5 6. Qb3 e4 7. Qxb7 Na5 8. Qa6
exf3 9. gxf3 Bd7 10. Bb5 Qb6 11. Bxd7+ Kxd7 12. Qd3 c4 13. Qf5+ Qe6 14. Qg4
Qxg4 15. fxg4 Nf6 16. h3 Bd6 17. O-O h5 18. g5 Ne4 19. h4 Nxd2 20. Bxd2 Rab8
21. Rab1 Nc6 22. Rfe1 Ne7 23. e4 dxe4 24. Rxe4 Nf5 25. b3 cxb3 26. axb3 Rhe8
27. Rxe8 Rxe8 28. Ra1 Bb8 0-1